000 00778nam a2200277 i 4500
001 C2-0225285
003 PPAK
005 20180728153538.0
008 000606s1999 ohua|||| ||||| | eng d
020 _a0538874139
040 _aPPAK
_beng
_cPPAK
_erda
082 0 4 _a657
_223
090 0 0 _a657
_bWAR
_dR
100 1 _aWarren, Carl S.,
_eauthor
245 1 0 _aFinancial accounting
250 _a7th. ed.
264 1 _aCincinnati, Ohio :
_bSouth-Western College Publishing ,
_c1999
300 _a666 pages :
_bcolour illustrations ;
_c28 cm
336 _2rdacontent
_atext
337 _2rdamedia
_aunmediated
338 _2rdacarrier
_avolume
500 _aIncludes bibliographical references and index
650 1 0 _aAccounting
700 _eauthor
942 _ddc
_cB
999 _c146008
_d146008